La ingeniería civil mexicana : un encuentro con la historia /

Gorde:
Xehetasun bibliografikoak
Erakunde egilea: Colegio de Ingenieros Civiles de México
Beste egile batzuk: Martín del Castillo, Carlos (coordinación general) (coordinación general)
Formatua: Liburua
Hizkuntza:gaztelania
Argitaratua: México : Colegio de Ingenieros Civiles de México, 1996, c1996
Gaiak:
Etiketak: Etiketa erantsi
Etiketarik gabe, Izan zaitez lehena erregistro honi etiketa jartzen!

MARC

LEADER 00000nam^a2200000^a^4500
001 000186944
005 20250521000000.0
009 20260310102243.955
020 |a 968-6272-12-7 
037 |a Acervo ITESO - Biblioteca 
041 |a ESP 
082 |a 624. 0972  |b COL 
110 |a Colegio de Ingenieros Civiles de México 
245 1 3 |a La ingeniería civil mexicana :  |b un encuentro con la historia /  |c Colegio de Ingenieros Civiles de México ; coord. general de C. Martín del Castillo. 
264 4 |a México :  |b Colegio de Ingenieros Civiles de México,  |c 1996, c1996 
300 |a 343 p. 
336 |a texto  |b txt  |2 rdacontenido 
337 |a sin mediación  |b n  |2 rdamedio 
338 |a volumen  |b nc  |2 rdasoporte 
649 |a XX 
650 |a Construcción -  |z México -  |x Historia 
650 |a Construcción -  |x Historia 
650 |a Arquitectura Mexicana -  |x Historia y Crítica 
650 |a Arquitectura -  |x Historia y Crítica 
650 |a Arte Mexicano -  |x Historia y Crítica 
650 |a Arte -  |x Historia y Crítica 
650 |a Ingeniería Civil -  |z México -  |x Historia 
650 |a Ingeniería Civil -  |x Historia 
650 |a México -  |x Historia 
650 |a Historia Universal 
700 |a Martín del Castillo, Carlos  |e (coordinación general) 
910 |a Fondo General 
920 |a Impresos - Libros 
930 |a Reserva Especial 
905 |a 103 
901 |a 0500128872  |b IT1  |c REE  |u 20250521 
902 |a https://opac.biblio.iteso.mx/vufind/Record/000186944